00780nam a2200193 a 450000100100000000500170001000800410002704000250006808200160009311000720010924501150018126000370029630000200033349000310035370000330038483000380041795201140045599900170056900002878020200930055131.0110412s1992 dr 000 0 spa d aDO-SdBNPbspacBNPHU axxxbC3978d2 aCentro Nacional de Investigaciones en Salud Materno Infantil95575710aDeficiencia de vitamina A en la República Dominicana y acciones para su mejoría /ceditor Hugo R. Mendoza. aSanto Domingo :bCENISMI,c1992. a61 p. ;c28 cm.1 aReuniones técnicasvv. 11 aMendoza, Hugo R.,eed.96390 0aReuniones técnicasvv. 1955759 0010718PDaPDbPDcCTd2011-04-12iLF1l0oxxx C3978dp28780-10r2020-06-25w2020-06-25yLFPDZNo se presta c28272d28272